Normal view MARC view

Entry Uniform Title

Number of records used in: 2

001 - CONTROL NUMBER

  • control field: 40661

003 - CONTROL NUMBER IDENTIFIER

  • control field: dpl

005 - DATE AND TIME OF LATEST TRANSACTION

  • control field: 20120203115210.0

008 - FIXED-LENGTH DATA ELEMENTS

  • fixed length control field: 120203|||a|||||| | ||| d

040 ## - CATALOGING SOURCE

  • Original cataloging agency: dpl
  • Transcribing agency: dpl

130 ## - HEADING--UNIFORM TITLE

  • Uniform title: मातृसत्ता, पितृसत्ता और जारसत्ता, खण्ड- सात

670 ## - SOURCE DATA FOUND

  • Source citation: Work cat.: (dpl)57602: धर्मवीर 40660, चमार की बेटी रूपा /, 2007

670 ## - SOURCE DATA FOUND

  • Source citation: Work cat.: (dpl)57602: धर्मवीर 40660, चमार की बेटी रूपा /, 2007

© Delhi Public Library
Hit Counter
free hit counter